Green tech : how to plan and implement sustainable it solutions

Bibliographic Details
Main Author: Webber, Lawrence
Other Authors: Wallace, Michael
Format: Book
Language:English
Published: New York : Amacom , 2009
Subjects:

MARC

LEADER 00000cam a2200000 7i4500
001 0000023923
005 20111117.0
008 111116s nyua eng
020 |a 9780814414460 ,   |c RM178.00 
040 |a INS 
090 0 0 |a TJ163.3.O35   |b W33 2009 
100 1 |a Webber, Lawrence 
245 1 0 |a Green tech :   |b how to plan and implement sustainable it solutions   |c Lawrence Webber and Michael Wallace 
260 |a New York :   |b Amacom ,   |c 2009 
300 |a x, 292p. :   |b ill. ;   |c 24cm. 
500 |a Includes index 
650 0 |a Data processing service centers   |x Energy conservation 
650 0 |a Green technology 
650 0 |a Information technology   |x Environmental aspects 
700 1 |a Wallace, Michael 
999 |a 1000000462   |b BOOK   |c Open Shelf   |e Default branch